Traité de politique commerciale / (Record no. 64573)

MARC details
000 -LEADER
campo de control de longitud fija 00790nam a2200229 i 4500
001 - NÚMERO DE CONTROL
campo de control 64573
003 - IDENTIFICADOR DE NÚMERO DE CONTROL
campo de control ES-MaACL
005 - FECHA Y HORA DE LA ÚLTIMA TRANSACCIÓN
campo de control 20250901102123.0
007 - CAMPO FIJO DE DESCRIPCIÓN FÍSICA--INFORMACIÓN GENERAL
campo de control de longitud fija t|
008 - DATOS DE LONGITUD FIJA--INFORMACIÓN GENERAL
campo de control de longitud fija 031229s1908 fr ||||1| fre d
100 1# - ENTRADA PRINCIPAL--NOMBRE DE PERSONA
Nombre de persona Fontana-Russo, Luigi.
9 (RLIN) 51593
245 10 - MENCIÓN DEL TÍTULO
Título Traité de politique commerciale /
Mención de responsabilidad, etc. par L. Fontana-Russo ; traduit par Félix Poli.
260 ## - PUBLICACIÓN, DISTRIBUCIÓN, ETC.
Lugar de publicación, distribución, etc. Paris :
Nombre del editor, distribuidor, etc. V. Giard & E. Brière,
Fecha de publicación, distribución, etc. 1908 (
Lugar de fabricación/manufactura Saint Amand :
Fabricante Bussière)
300 ## - DESCRIPCIÓN FÍSICA
Extensión 707 p. ;
Dimensiones 23 cm.
490 1# - MENCIÓN DE SERIE
Mención de serie Bibliothèque internationale d'économie politique
650 07 - PUNTO DE ACCESO ADICIONAL DE MATERIA--TÉRMINO DE MATERIA
Término de materia o nombre geográfico como elemento de entrada Economía
Fuente del encabezamiento o término embne
9 (RLIN) 12006
650 07 - PUNTO DE ACCESO ADICIONAL DE MATERIA--TÉRMINO DE MATERIA
Término de materia o nombre geográfico como elemento de entrada Comercio
Fuente del encabezamiento o término embne
9 (RLIN) 11157
700 1# - ENTRADA AGREGADA--NOMBRE PERSONAL
Nombre de persona Poli, Félix.
9 (RLIN) 92815
830 00 - PUNTO DE ACCESO ADICIONAL DE SERIE-TÍTULO UNIFORME
Título uniforme Bibliothèque internationale d'économie politique
9 (RLIN) 181587
852 ## - LOCALIZACIÓN
Ubicación ES-MaACL
Número de control de estantería F-14104
Holdings
Estatus retirado Estado de pérdida Estado de daño No para préstamo Biblioteca de origen Biblioteca actual Ubicación en estantería Fecha de adquisición Fuente de adquisición Total de préstamos Signatura topográfica completa Código de barras Visto por última vez Precio de reemplazo Tipo de ítem Koha
        Biblioteca del Ateneo de Madrid Biblioteca del Ateneo de Madrid Sala Pecera Planta 2 17/01/2008     F-14104 1067663 23/02/2023 23/02/2023 Libro impreso